[Event "Titled Tuesday intern op 25th Mar Early"]
[Site "Chess.com INT"]
[Date "2025.03.25"]
[Round "5"]
[White "Liu, Zachary Hankun"]
[Black "Blomqvist, Erik"]
[Result "0-1"]
[WhiteElo "1936"]
[BlackElo "2460"]
[PlyCount "54"]
[EventDate "2025.03.25"]
[EventType "swiss (blitz)"]
[EventRounds "11"]
[EventCountry "USA"]
[SourceTitle "CB14_2025"]
[SourceDate "2024.11.01"]
[SourceVersion "1"]
[SourceVersionDate "2024.11.01"]
[SourceQuality "1"]

1. e4 e6 2. d4 d5 3. Nd2 c5 4. Ngf3 cxd4 5. Nxd4 Nc6 6. Bb5 Bd7 7. Nxc6 bxc6 8. Bd3 Qc7 9. 0-0 Ne7 10. Re1 Ng6 11. g3 Bc5 12. Qe2 0-0 13. Nf1 f5 14. exf5 exf5 15. Be3 Bb6 16. c3 Rae8 17. Qd2 Ne5 18. Be2 Bxe3 19. Nxe3 f4 20. Nf1 f3 21. Bd1 Bf5 22. Ne3 Be4 23. Bc2 Qc8 24. Bxe4 dxe4 25. Red1 Qh3 26. Qe1 Ng4 27. Qf1 Qxh2# 0-1

[Event "Titled Tuesday intern op 25th Mar Early"]
[Site "Chess.com INT"]
[Date "2025.03.25"]
[Round "9"]
[White "Liu, Zachary Hankun"]
[Black "Khanbutaev, Artemiy"]
[Result "0-1"]
[WhiteElo "1936"]
[BlackElo "2041"]
[PlyCount "66"]
[EventDate "2025.03.25"]
[EventType "swiss (blitz)"]
[EventRounds "11"]
[EventCountry "USA"]
[SourceTitle "CB14_2025"]
[SourceDate "2024.11.01"]
[SourceVersion "1"]
[SourceVersionDate "2024.11.01"]
[SourceQuality "1"]

1. c4 Nf6 2. g3 e6 3. Bg2 d5 4. Nf3 d4 5. 0-0 c5 6. e3 Nc6 7. exd4 cxd4 8. d3 Bd6 9. Re1 0-0 10. Na3 e5 11. Nc2 a5 12. a3 Rb8 13. Bd2 Bf5 14. Bf1 b5 15. Nh4 Bg4 16. f3 Be6 17. b3 bxc4 18. bxc4 Nd7 19. Ng2 Nc5 20. f4 f6 21. fxe5 fxe5 22. Rb1 Qd7 23. Nh4 Bg4 24. Be2 Rxb1 25. Qxb1 Bxe2 26. Rxe2 Nxd3 27. Ne1 Nc5 28. Nhg2 Rb8 29. Qc2 d3 30. Nxd3 Nxd3 31. c5 Nxc5 32. Ne3 Kh8 33. Nc4 Nd4 0-1

[Event "Titled Tuesday intern op 25th Mar Early"]
[Site "Chess.com INT"]
[Date "2025.03.25"]
[Round "10"]
[White "Liu, Zachary Hankun"]
[Black "Swara, Lakshmi S Nair"]
[Result "1-0"]
[WhiteElo "1936"]
[BlackElo "2216"]
[PlyCount "77"]
[EventDate "2025.03.25"]
[EventType "swiss (blitz)"]
[EventRounds "11"]
[EventCountry "USA"]
[SourceTitle "CB14_2025"]
[SourceDate "2024.11.01"]
[SourceVersion "1"]
[SourceVersionDate "2024.11.01"]
[SourceQuality "1"]

1. e4 c5 2. Nf3 d6 3. d4 cxd4 4. Nxd4 Nf6 5. Nc3 g6 6. Be3 Bg7 7. f3 Nc6 8. Qd2 0-0 9. 0-0-0 d5 10. Nxc6 bxc6 11. Bh6 Be6 12. Kb1 Rb8 13. h4 Qb6 14. Na4 Qb7 15. h5 dxe4 16. Bxg7 Kxg7 17. hxg6 fxg6 18. Qh6+ Kg8 19. b3 Rbd8 20. Be2 Qb4 21. Qh4 c5 22. f4 c4 23. g4 cxb3 24. axb3 Bxb3 25. cxb3 Qxb3+ 26. Nb2 Rb8 27. Rd2 e3 28. Rc2 a5 29. Bc4+ Qxc4 30. Rxc4 Rb4 31. Rxb4 axb4 32. g5 Nh5 33. Re1 Rxf4 34. Qh3 Rf5 35. Qxe3 Nf4 36. Qxe7 Rf7 37. Qd8+ Kg7 38. Qd4+ Kf8 39. Qh8# 1-0

[Event "Titled Tuesday intern op 25th Mar Early"]
[Site "Chess.com INT"]
[Date "2025.03.25"]
[Round "6"]
[White "Navoyan, Gagik"]
[Black "Liu, Zachary Hankun"]
[Result "1-0"]
[WhiteElo "2152"]
[BlackElo "1936"]
[PlyCount "95"]
[EventDate "2025.03.25"]
[EventType "swiss (blitz)"]
[EventRounds "11"]
[EventCountry "USA"]
[SourceTitle "CB14_2025"]
[SourceDate "2024.11.01"]
[SourceVersion "1"]
[SourceVersionDate "2024.11.01"]
[SourceQuality "1"]

1. e4 c6 2. d4 d5 3. exd5 cxd5 4. c4 Nf6 5. Nc3 Nc6 6. Nf3 Be6 7. c5 Bg4 8. Bb5 Rc8 9. h3 Bxf3 10. Qxf3 a6 11. Bxc6+ Rxc6 12. 0-0 e6 13. b4 Be7 14. a4 0-0 15. b5 Rc8 16. Bf4 Nd7 17. Rab1 axb5 18. axb5 Bf6 19. Rfd1 Qa5 20. Bd6 Rfd8 21. b6 Nb8 22. Bc7 Rd7 23. Nb5 Be7 24. Na7 Re8 25. Bxb8 Rxb8 26. c6 bxc6 27. Nxc6 Qa8 28. Nxb8 Qxb8 29. Rdc1 g6 30. Qc3 Kg7 31. Qc8 Rb7 32. Qxb7 Qxb7 33. Rc7 Qb8 34. Rxe7 Kf6 35. Ra7 g5 36. b7 Qxa7 37. b8Q Qa2 38. Qe5+ Kg6 39. Re1 Qd2 40. Qe3 Qc2 41. Rc1 Qb2 42. Rc7 Qb6 43. Rc8 h6 44. Qe5 Qb1+ 45. Kh2 Qf1 46. Rg8+ Kh5 47. g4+ Kh4 48. Qg3# 1-0

[Event "Titled Tuesday intern op 25th Mar Early"]
[Site "Chess.com INT"]
[Date "2025.03.25"]
[Round "8"]
[White "Shuvalov, Evgenij"]
[Black "Liu, Zachary Hankun"]
[Result "1-0"]
[WhiteElo "1986"]
[BlackElo "1936"]
[PlyCount "103"]
[EventDate "2025.03.25"]
[EventType "swiss (blitz)"]
[EventRounds "11"]
[EventCountry "USA"]
[SourceTitle "CB14_2025"]
[SourceDate "2024.11.01"]
[SourceVersion "1"]
[SourceVersionDate "2024.11.01"]
[SourceQuality "1"]

1. d4 Nf6 2. c4 c5 3. d5 e6 4. Nf3 exd5 5. cxd5 d6 6. e4 g6 7. h3 Bg7 8. Bd3 0-0 9. 0-0 b5 10. Bxb5 Nxe4 11. Re1 a6 12. Ba4 Nf6 13. Nc3 Bb7 14. Bf4 Qc7 15. Qd2 Nbd7 16. Re7 Rfe8 17. Rae1 Rxe7 18. Rxe7 Bf8 19. Re2 Nb6 20. Bb3 c4 21. Bc2 Nfxd5 22. Bg3 Nxc3 23. bxc3 Bxf3 24. gxf3 Qc6 25. Be4 d5 26. Bc2 Bd6 27. Qd4 Bxg3 28. fxg3 Qd6 29. Kg2 Nd7 30. Rd2 Nf6 31. Qxc4 Nh5 32. f4 Rd8 33. Qd4 Ng7 34. c4 Nf5 35. Bxf5 gxf5 36. Qxd5 Qxd5+ 37. Rxd5 Rb8 38. Ra5 Rb2+ 39. Kf3 Rc2 40. c5 Rc3+ 41. Kf2 Rc2+ 42. Ke3 Rc3+ 43. Kd4 Rxg3 44. Rxa6 Rf3 45. Ke5 Rxh3 46. c6 Rc3 47. Kd6 h5 48. c7 Rd3+ 49. Ke7 Rc3 50. Ra8+ Kg7 51. c8Q Rxc8 52. Rxc8 1-0

[Event "Titled Tuesday intern op 25th Mar Early"]
[Site "Chess.com INT"]
[Date "2025.03.25"]
[Round "11"]
[White "Torres, Yelfry"]
[Black "Liu, Zachary Hankun"]
[Result "0-1"]
[WhiteElo "2016"]
[BlackElo "1936"]
[PlyCount "78"]
[EventDate "2025.03.25"]
[EventType "swiss (blitz)"]
[EventRounds "11"]
[EventCountry "USA"]
[SourceTitle "CB14_2025"]
[SourceDate "2024.11.01"]
[SourceVersion "1"]
[SourceVersionDate "2024.11.01"]
[SourceQuality "1"]

1. c4 Nf6 2. Nc3 e6 3. Nf3 d5 4. cxd5 exd5 5. d4 c6 6. Bg5 Be7 7. Bxf6 Bxf6 8. e3 0-0 9. Bd3 Bg4 10. Qc2 h6 11. 0-0-0 Na6 12. a3 b5 13. Kb1 Qa5 14. Na2 Rfc8 15. Rc1 Rab8 16. Qd2 b4 17. Bxa6 Qxa6 18. Nxb4 Qb5 19. Rc5 Qb6 20. Rhc1 Bd7 21. Ka1 Be7 22. Ne5 Be8 23. Nbxc6 Bxc5 24. Nxb8 Bb4 25. Rxc8 Bxd2 26. Rxe8+ Kh7 27. Nbd7 Qb5 28. Rb8 Qf1+ 29. Ka2 g5 30. Nf6+ Kg7 31. Ne8+ Kf8 32. Nc7+ Ke7 33. Nxd5+ Ke6 34. Nc7+ Kd6 35. Nb5+ Kd5 36. Nc7+ Ke4 37. f3+ Kxe3 38. Nb5 f6 39. Ng4+ Ke2 0-1

[Event "Titled Tuesday intern op 18th Mar Late"]
[Site "Chess.com INT"]
[Date "2025.03.18"]
[Round "2"]
[White "Liu, Zachary Hankun"]
[Black "Kjaergaard Jensen, Jesper"]
[Result "1-0"]
[WhiteElo "1936"]
[BlackElo "2081"]
[PlyCount "95"]
[EventDate "2025.03.18"]
[EventType "swiss (blitz)"]
[EventRounds "11"]
[EventCountry "USA"]
[SourceTitle "CB13_2025"]
[SourceDate "2025.03.26"]
[SourceVersion "1"]
[SourceVersionDate "2025.03.26"]
[SourceQuality "1"]

1. e4 Nf6 2. Nc3 d5 3. exd5 Nxd5 4. Bc4 c6 5. Nf3 Bg4 6. h3 Bh5 7. Qe2 e6 8. d3 Bb4 9. Bd2 Nxc3 10. Bxc3 Bxc3+ 11. bxc3 Qf6 12. d4 Bxf3 13. Qxf3 Qxf3 14. gxf3 Nd7 15. a4 a6 16. a5 0-0-0 17. Ke2 Kc7 18. Rhb1 h5 19. Bd3 g6 20. Rb3 Rb8 21. Rab1 Rhe8 22. Kd2 e5 23. Bc4 Re7 24. Re1 b5 25. axb6+ Nxb6 26. Bxa6 Ra8 27. Bd3 Ra5 28. f4 Nd5 29. fxe5 Nf4 30. Re3 c5 31. Rf3 g5 32. h4 cxd4 33. cxd4 Ne6 34. hxg5 Nxd4 35. Rc3+ Kb6 36. Rf6+ Kb7 37. f4 h4 38. Be4+ Ka7 39. Ke3 Ne6 40. Rh6 Nxg5 41. fxg5 Raxe5 42. Rc4 Rxg5 43. Kf4 Rg6 44. Bxg6 fxg6 45. Rxh4 Rf7+ 46. Kg5 Rf5+ 47. Kxg6 Rd5 48. Rb4 1-0

[Event "Titled Tuesday intern op 18th Mar Late"]
[Site "Chess.com INT"]
[Date "2025.03.18"]
[Round "8"]
[White "Skatchkov, Pavel"]
[Black "Liu, Zachary Hankun"]
[Result "1-0"]
[WhiteElo "2457"]
[BlackElo "1936"]
[PlyCount "103"]
[EventDate "2025.03.18"]
[EventType "swiss (blitz)"]
[EventRounds "11"]
[EventCountry "USA"]
[SourceTitle "CB13_2025"]
[SourceDate "2025.03.26"]
[SourceVersion "1"]
[SourceVersionDate "2025.03.26"]
[SourceQuality "1"]

1. d4 Nf6 2. c4 e6 3. Nf3 d5 4. g3 Be7 5. Bg2 0-0 6. 0-0 Nbd7 7. b3 b6 8. Bb2 Bb7 9. Nbd2 c5 10. Ne5 Nxe5 11. dxe5 Ne8 12. e3 Qd7 13. Qg4 dxc4 14. Nxc4 Bxg2 15. Kxg2 b5 16. Nd6 Bxd6 17. exd6 Qxd6 18. Rfd1 Qc6+ 19. Kg1 f5 20. Qf4 Rc8 21. Rac1 Nf6 22. Rd6 Qe8 23. Qe5 Kf7 24. Rxc5 Rxc5 25. Qxc5 Qe7 26. Rc6 Rd8 27. Bxf6 gxf6 28. Qxb5 Rd1+ 29. Kg2 Qd7 30. Qc5 Qd5+ 31. Qxd5 Rxd5 32. Rc7+ Kg6 33. Rxa7 Rd2 34. b4 Rb2 35. a3 Rb3 36. Ra5 e5 37. b5 Kf7 38. a4 Ke6 39. Ra6+ Ke7 40. b6 Kd7 41. a5 Kc8 42. Ra7 Rb5 43. Kh3 Rb4 44. f4 e4 45. g4 Rb3 46. Kh4 Kb8 47. gxf5 Rxe3 48. a6 Rb3 49. Rb7+ Ka8 50. Kg4 Rb2 51. h4 Rg2+ 52. Kh5 1-0

[Event "Titled Tuesday intern op 04th Feb Late"]
[Site "Chess.com INT"]
[Date "2025.02.04"]
[Round "5"]
[White "Kujawski, Adam"]
[Black "Liu, Zachary Hankun"]
[Result "1/2-1/2"]
[WhiteElo "2115"]
[BlackElo "1881"]
[PlyCount "121"]
[EventDate "2025.02.04"]
[EventType "swiss (blitz)"]
[EventRounds "11"]
[EventCountry "USA"]
[SourceTitle "CB07_2025"]
[SourceDate "2025.02.12"]
[SourceVersion "1"]
[SourceVersionDate "2025.02.12"]
[SourceQuality "1"]

1. e4 c5 2. Nf3 d6 3. d4 cxd4 4. Nxd4 Nf6 5. Nc3 g6 6. Be3 Bg7 7. f3 0-0 8. Qd2 Nc6 9. 0-0-0 Nxd4 10. Bxd4 Be6 11. Kb1 Qc7 12. g4 Rfc8 13. h4 Qa5 14. a3 Rab8 15. h5 b5 16. h6 b4 17. Nb5 Rxb5 18. Bxb5 Qxb5 19. hxg7 bxa3 20. Qd3 Qxd3 21. cxd3 axb2 22. Rd2 g5 23. Bxf6 exf6 24. Rxb2 Kxg7 25. Rc1 Rh8 26. Rc6 d5 27. Rb7 Re8 28. Rxa7 dxe4 29. dxe4 Kg6 30. Kc2 h5 31. gxh5+ Kxh5 32. Kd3 f5 33. Ra1 fxe4+ 34. fxe4 g4 35. Rh1+ Kg5 36. Ke3 Kg6 37. Rc5 Ra8 38. Rch5 Ra3+ 39. Kf4 Rf3+ 40. Ke5 Ra3 41. Rh6+ Kg7 42. Rh7+ Kg6 43. R1h6+ Kg5 44. Rh5+ Kg6 45. R7h6+ Kg7 46. Rxe6 Ra5+ 47. Kf4 Rxh5 48. Rb6 Rh4 49. Kg3 Rh6 50. Rxh6 Kxh6 51. Kxg4 Kg6 52. Kf4 Kf6 53. Kf3 Ke6 54. Kf4 Kf6 55. Kf3 Ke5 56. Ke3 f6 57. Kf3 Kd4 58. Kf4 Kd3 59. Kf5 Ke3 60. e5 fxe5 61. Kxe5 1/2-1/2

[Event "Titled Tuesday intern op 04th Feb Early"]
[Site "Chess.com INT"]
[Date "2025.02.04"]
[Round "8"]
[White "Liu, Zachary Hankun"]
[Black "Tisma, Ivan"]
[Result "1-0"]
[WhiteElo "1881"]
[BlackElo "1967"]
[PlyCount "123"]
[EventDate "2025.02.04"]
[EventType "swiss (blitz)"]
[EventRounds "11"]
[EventCountry "USA"]
[SourceTitle "CB07_2025"]
[SourceDate "2025.02.12"]
[SourceVersion "1"]
[SourceVersionDate "2025.02.12"]
[SourceQuality "1"]

1. c4 Nf6 2. g3 c5 3. Bg2 Nc6 4. Nf3 g6 5. Nc3 Bg7 6. d4 cxd4 7. Nxd4 0-0 8. 0-0 Qa5 9. Nb3 Qh5 10. f3 d6 11. e4 Bh3 12. Be3 Bxg2 13. Kxg2 g5 14. g4 Qg6 15. Nd4 Nxd4 16. Bxd4 Rfd8 17. Rc1 e6 18. Qd2 h6 19. Rfe1 a6 20. Na4 Rac8 21. b3 Bf8 22. Nc3 Bg7 23. a4 Bf8 24. a5 Bg7 25. Na4 Ne8 26. Bb6 Rd7 27. Bf2 Rc6 28. Nb6 Rdc7 29. Bg3 Bf8 30. Rh1 h5 31. gxh5 Qxh5 32. h4 gxh4 33. Rxh4 Qc5 34. Bf2 Qa3 35. Rg4+ Bg7 36. Rb1 Rc5 37. Bxc5 Rxc5 38. Na4 Re5 39. Rh4 Rc5 40. Nxc5 Qxc5 41. Kh1 Bf6 42. Rh2 Kf8 43. Rc1 Ke7 44. b4 Qe5 45. Rd1 Qg3 46. Qf2 Qf4 47. c5 dxc5 48. Qxc5+ Nd6 49. Qxd6+ Qxd6 50. Rxd6 Kxd6 51. Rc2 Be5 52. Kg2 Bf4 53. Kf2 Kd7 54. Ke2 Bd6 55. Rc4 Bf4 56. Kd3 Be5 57. Ke3 Bd6 58. f4 Be7 59. e5 Bh4 60. Ke4 Bf2 61. Rc2 Be1 62. Rc4 1-0

[Event "Titled Tuesday intern op 04th Feb Late"]
[Site "Chess.com INT"]
[Date "2025.02.04"]
[Round "3"]
[White "Volodin, Aleksandr"]
[Black "Liu, Zachary Hankun"]
[Result "1-0"]
[WhiteElo "2474"]
[BlackElo "1881"]
[PlyCount "81"]
[EventDate "2025.02.04"]
[EventType "swiss (blitz)"]
[EventRounds "11"]
[EventCountry "USA"]
[SourceTitle "CB07_2025"]
[SourceDate "2025.02.12"]
[SourceVersion "1"]
[SourceVersionDate "2025.02.12"]
[SourceQuality "1"]

1. d4 Nf6 2. c4 e6 3. Nf3 c5 4. d5 exd5 5. cxd5 d6 6. Nc3 g6 7. Bf4 Bg7 8. Qa4+ Bd7 9. Qb3 b5 10. Bxd6 Qb6 11. Be5 0-0 12. e3 c4 13. Qd1 Bf5 14. Be2 Nbd7 15. Bd4 Qb7 16. 0-0 Nb6 17. Nxb5 Nbxd5 18. Nd6 Qd7 19. Nxf5 Qxf5 20. Bxc4 Nb6 21. Bd3 Qd5 22. Qe2 Rfe8 23. b3 Rad8 24. Rac1 Nh5 25. Qb2 Bxd4 26. Nxd4 Qg5 27. Be2 Nf6 28. Bf3 h5 29. Rc6 h4 30. h3 Nfd5 31. Bxd5 Nxd5 32. Nf3 Qe7 33. Rc4 g5 34. Rg4 f6 35. Nxh4 Kf7 36. Nf5 Qe6 37. Nd4 Qb6 38. Qc2 Rh8 39. Qf5 Ne7 40. Qf3 Rh4 41. Rxg5 1-0

[Event "North American-ch UNN"]
[Site "Dulles"]
[Date "2024.12.18"]
[Round "2"]
[White "Iranian Prabhu Kumar, Ashwin"]
[Black "Liu, Zachary Hankun"]
[Result "0-1"]
[WhiteElo "1787"]
[BlackElo "2153"]
[PlyCount "116"]
[EventDate "2024.12.18"]
[EventType "swiss"]
[EventRounds "9"]
[EventCountry "USA"]
[SourceTitle "CB02_2025"]
[SourceDate "2025.01.08"]
[SourceVersion "1"]
[SourceVersionDate "2025.01.08"]
[SourceQuality "1"]

1. e4 c5 2. Nf3 d6 3. Bb5+ Bd7 4. Bxd7+ Qxd7 5. 0-0 Nc6 6. c4 Nf6 7. Nc3 g6 8. d4 cxd4 9. Nxd4 Bg7 10. Re1 0-0 11. f3 Rfc8 12. Be3 Nxd4 13. Qxd4 Ng4 14. Qd5 e6 15. Qb5 Qxb5 16. Nxb5 Nxe3 17. Rxe3 a6 18. Nxd6 Bd4 19. Kf2 Rc6 20. e5 f6 21. f4 fxe5 22. fxe5 b6 23. Rd1 Rf8+ 24. Ke2 Bxe3 25. Kxe3 Rc5 26. Kd4 Rc7 27. Rd2 Rf4+ 28. Ke3 Rf1 29. b4 Kf8 30. g3 Ke7 31. Kd4 Kd8 32. Kc3 Rd7 33. Re2 Kc7 34. a4 Rd8 35. Ne4 Rf3+ 36. Kb2 h6 37. Nd6 Rdf8 38. Rc2 Rf2 39. Ne8+ Kc6 40. Nf6 Rxc2+ 41. Kxc2 Rd8 42. Ne4 Rd4 43. Nd2 g5 44. Kc3 Rd8 45. b5+ axb5 46. axb5+ Kc7 47. Ne4 Rd1 48. Nf2 Rf1 49. Ng4 Rh1 50. Nxh6 Rxh2 51. Nf7 Rg2 52. Kd4 Rxg3 53. Ke4 Rg1 54. Nh6 Kd7 55. Ng8 Rf1 56. Nf6+ Kd8 57. Nh5 Re1+ 58. Kd4 Rg1 0-1

[Event "North American-ch UNN"]
[Site "Dulles"]
[Date "2024.12.18"]
[Round "1"]
[White "Liu, Zachary Hankun"]
[Black "Sankar, Tarun"]
[Result "1-0"]
[WhiteElo "2153"]
[BlackElo "1750"]
[PlyCount "83"]
[EventDate "2024.12.18"]
[EventType "swiss"]
[EventRounds "9"]
[EventCountry "USA"]
[SourceTitle "CB02_2025"]
[SourceDate "2025.01.08"]
[SourceVersion "1"]
[SourceVersionDate "2025.01.08"]
[SourceQuality "1"]

1. c4 e5 2. g3 c6 3. d4 exd4 4. Qxd4 Nf6 5. Bg2 Be7 6. Nc3 0-0 7. Bf4 Na6 8. Bd6 Nc7 9. e3 Ne6 10. Bxe7 Qxe7 11. Qd2 b6 12. Nge2 Bb7 13. 0-0 Rad8 14. Rfd1 d5 15. cxd5 cxd5 16. Nd4 Nc5 17. Rac1 Rfe8 18. b3 Nce4 19. Qb2 Rc8 20. Bxe4 Nxe4 21. Nxe4 Qxe4 22. Qd2 g6 23. Rc3 Rxc3 24. Qxc3 Rc8 25. Qd2 h5 26. Rc1 h4 27. Rxc8+ Bxc8 28. Qc2 Qg4 29. f3 Qh3 30. g4 Ba6 31. Qg2 Qxg2+ 32. Kxg2 Bd3 33. g5 f6 34. f4 a5 35. Kh3 fxg5 36. fxg5 Kf7 37. Kxh4 Ke7 38. Kg4 Kd6 39. Kf4 b5 40. a3 Kc5 41. Ke5 a4 42. Ne6+ 1-0

[Event "Titled Tuesday intern op 26th Nov Late"]
[Site "Chess.com INT"]
[Date "2024.11.26"]
[Round "2"]
[White "Liu, Zachary Hankun"]
[Black "Bernat, David"]
[Result "1-0"]
[WhiteElo "2133"]
[BlackElo "1917"]
[PlyCount "41"]
[EventDate "2024.11.26"]
[EventType "swiss (blitz)"]
[EventRounds "11"]
[EventCountry "USA"]
[SourceTitle "CB49_2024"]
[SourceDate "2024.12.04"]
[SourceVersion "1"]
[SourceVersionDate "2024.12.04"]
[SourceQuality "1"]

1. e4 c5 2. Nf3 g6 3. d4 cxd4 4. Nxd4 Nc6 5. Nc3 Bg7 6. Be3 Nf6 7. Bc4 0-0 8. Bb3 a5 9. a4 Ng4 10. Qxg4 Nxd4 11. Bxd4 Bxd4 12. Qf3 d6 13. Qd3 Bg7 14. 0-0-0 Be6 15. Bxe6 fxe6 16. f3 Qb6 17. Nb5 Rac8 18. Qb3 d5 19. exd5 Rf4 20. d6 Rfc4 21. d7 1-0

[Event "Titled Tuesday intern op 26th Nov Late"]
[Site "Chess.com INT"]
[Date "2024.11.26"]
[Round "5"]
[White "Liu, Zachary Hankun"]
[Black "Eggleston, Thomas"]
[Result "1-0"]
[WhiteElo "2133"]
[BlackElo "2178"]
[PlyCount "135"]
[EventDate "2024.11.26"]
[EventType "swiss (blitz)"]
[EventRounds "11"]
[EventCountry "USA"]
[SourceTitle "CB49_2024"]
[SourceDate "2024.12.04"]
[SourceVersion "1"]
[SourceVersionDate "2024.12.04"]
[SourceQuality "1"]

1. e4 e6 2. d4 d5 3. Nd2 c5 4. Ngf3 cxd4 5. Nxd4 Nc6 6. Bb5 Bd7 7. Nxc6 bxc6 8. Bd3 Bd6 9. 0-0 Qc7 10. h3 e5 11. c4 d4 12. a3 c5 13. Qe2 Ne7 14. Re1 Nc6 15. Nf1 0-0 16. Ng3 f6 17. Nh5 Be6 18. g4 Rf7 19. Kg2 Re8 20. f3 g6 21. Ng3 Ne7 22. Bd2 g5 23. b4 Ng6 24. b5 Nf4+ 25. Bxf4 exf4 26. Nh5 Be5 27. Qd2 Rd7 28. a4 Bf7 29. a5 Bxh5 30. gxh5 Rg7 31. Reb1 Rb8 32. Qb2 Qf7 33. b6 axb6 34. axb6 Qxh5 35. Ra7 Qh4 36. Rxg7+ Kxg7 37. Qf2 Qxf2+ 38. Kxf2 Rb7 39. Rb5 Bd6 40. Ke2 Be7 41. Kd2 Bd8 42. Rxc5 Rxb6 43. Kc2 Ra6 44. Rd5 Be7 45. Rxd4 Ra2+ 46. Kb3 Rf2 47. Rd7 Kf8 48. Kc3 Rxf3 49. Kd4 Rxh3 50. c5 f3 51. c6 f2 52. Bc4 Ra3 53. Rb7 Ra4 54. c7 f1Q 55. c8Q+ Kg7 56. Rxe7+ Kh6 57. Qf8+ Kh5 58. Qf7+ Kh4 59. Qd5 Qf2+ 60. Kc3 Qe3+ 61. Bd3 Qc1+ 62. Kb3 Qa3+ 63. Kc2 Rb4 64. Rxh7+ Kg3 65. Qd6+ Kf3 66. Rh3+ Kf2 67. Qh2+ Ke1 68. Qe2# 1-0

[Event "Titled Tuesday intern op 26th Nov Late"]
[Site "Chess.com INT"]
[Date "2024.11.26"]
[Round "1"]
[White "Nakamura, Hikaru"]
[Black "Liu, Zachary Hankun"]
[Result "1-0"]
[WhiteElo "2802"]
[BlackElo "2133"]
[PlyCount "103"]
[EventDate "2024.11.26"]
[EventType "swiss (blitz)"]
[EventRounds "11"]
[EventCountry "USA"]
[SourceTitle "CB49_2024"]
[SourceDate "2024.12.04"]
[SourceVersion "1"]
[SourceVersionDate "2024.12.04"]
[SourceQuality "1"]

1. b3 Nf6 2. Bb2 e6 3. Nf3 Be7 4. g4 d5 5. g5 Nh5 6. h4 c5 7. e3 Rg8 8. Ne5 g6 9. Be2 Ng7 10. Bb5+ Nd7 11. Qf3 Nf5 12. Bxd7+ Bxd7 13. d3 Qc7 14. e4 dxe4 15. dxe4 Nd6 16. Nd2 0-0-0 17. 0-0-0 Rgf8 18. Ndc4 Nxc4 19. Nxc4 Bb5 20. Rxd8+ Rxd8 21. Ne5 Be8 22. Kb1 Bd6 23. Ng4 Bc6 24. Nh6 Be5 25. Bxe5 Qxe5 26. Nxf7 Qxe4 27. Qxe4 Bxe4 28. Nxd8 Bxh1 29. Nxe6 Bd5 30. Nxc5 b6 31. Nd3 Kd7 32. Kc1 Kd6 33. c4 Be4 34. Kd2 Ke6 35. Ke3 Bb7 36. Kf4 Bc6 37. f3 Bb7 38. Ke3 Kf5 39. b4 Ke6 40. a3 Ba6 41. b5 Bc8 42. a4 Kd6 43. Kd4 Bb7 44. f4 Ke6 45. c5 Bc8 46. c6 Kd6 47. Nf2 Ke6 48. Ne4 Ke7 49. Ke5 Bf5 50. Nd6 Bg4 51. c7 Kd7 52. c8Q+ 1-0

[Event "Titled Tuesday intern op 26th Nov Late"]
[Site "Chess.com INT"]
[Date "2024.11.26"]
[Round "7"]
[White "Yeganegi, Barad"]
[Black "Liu, Zachary Hankun"]
[Result "1-0"]
[WhiteElo "2347"]
[BlackElo "2133"]
[PlyCount "89"]
[EventDate "2024.11.26"]
[EventType "swiss (blitz)"]
[EventRounds "11"]
[EventCountry "USA"]
[SourceTitle "CB49_2024"]
[SourceDate "2024.12.04"]
[SourceVersion "1"]
[SourceVersionDate "2024.12.04"]
[SourceQuality "1"]

1. c4 Nf6 2. d3 e6 3. g3 d5 4. cxd5 exd5 5. Bg2 c6 6. Nf3 Be7 7. b3 0-0 8. Bb2 Bg4 9. 0-0 Nbd7 10. Nbd2 Re8 11. Qc2 Rc8 12. Rae1 Qa5 13. a3 Qc7 14. e4 dxe4 15. dxe4 a6 16. h3 Bxf3 17. Nxf3 Bd6 18. Nh4 Be5 19. f4 Qb6+ 20. Kh1 Bxb2 21. Qxb2 g6 22. e5 Nh5 23. Kh2 Nc5 24. Rf3 Rcd8 25. Qc2 Ne6 26. Qf2 Qxf2 27. Rxf2 Rd3 28. Rf3 Red8 29. f5 Ng5 30. Rxd3 Rxd3 31. e6 fxe6 32. fxe6 Kf8 33. Re5 Nxe6 34. Rxe6 Rxb3 35. a4 Nxg3 36. Bf3 Nf5 37. Nxf5 gxf5 38. Rf6+ Ke7 39. Rxf5 Rb4 40. a5 Kd6 41. Rf7 h6 42. Rh7 Ke5 43. Kg3 Ra4 44. Rxh6 Rxa5 45. Rh5+ 1-0

[Event "Chesterfield SPICE Cup op 18th"]
[Site "Chesterfield"]
[Date "2024.10.18"]
[Round "9"]
[White "Beukes, Dante M"]
[Black "Liu, Zachary Hankun"]
[Result "1/2-1/2"]
[WhiteElo "2246"]
[BlackElo "2028"]
[PlyCount "53"]
[EventDate "2024.10.13"]
[EventType "swiss"]
[EventRounds "9"]
[EventCountry "USA"]
[SourceTitle "CB43_2024"]
[Source "Chessbase"]
[SourceDate "2024.10.23"]
[SourceVersion "1"]
[SourceVersionDate "2024.10.23"]
[SourceQuality "1"]

1. e4 c6 2. Nf3 d5 3. d3 dxe4 4. dxe4 Qxd1+ 5. Kxd1 Nf6 6. Nbd2 Nbd7 7. Ne1 Ng4 8. Nd3 Nde5 9. Ke1 Nxd3+ 10. cxd3 Be6 11. Nb3 Bxb3 12. axb3 e5 13. f3 Nh6 14. Be3 Bb4+ 15. Kf2 c5 16. Be2 a5 17. g4 Ng8 18. f4 exf4 19. Bxf4 Ne7 20. Rhc1 Nc6 21. Bd6 Nd4 22. Bd1 b6 23. Be5 Ne6 24. Ke3 f6 25. Bc3 Ke7 26. Be2 Rhd8 27. h4 1/2-1/2

[Event "Chesterfield SPICE Cup op 18th"]
[Site "Chesterfield"]
[Date "2024.10.17"]
[Round "7"]
[White "Proleiko, Julian"]
[Black "Liu, Zachary Hankun"]
[Result "1-0"]
[WhiteElo "2276"]
[BlackElo "2028"]
[PlyCount "93"]
[EventDate "2024.10.13"]
[EventType "swiss"]
[EventRounds "9"]
[EventCountry "USA"]
[SourceTitle "CB43_2024"]
[Source "Chessbase"]
[SourceDate "2024.10.23"]
[SourceVersion "1"]
[SourceVersionDate "2024.10.23"]
[SourceQuality "1"]

1. d4 Nf6 2. Nf3 e6 3. Bf4 c5 4. e3 b6 5. Nc3 a6 6. dxc5 bxc5 7. Bd6 Bxd6 8. Qxd6 Qe7 9. Qc7 Nc6 10. e4 0-0 11. 0-0-0 Rd8 12. Bc4 Rb8 13. Rhe1 Bb7 14. Nd5 Nxd5 15. exd5 Rdc8 16. Qf4 Na5 17. Ne5 d6 18. dxe6 dxe5 19. exf7+ Kh8 20. Rxe5 Qf6 21. Rf5 Qe7 22. Be6 Rf8 23. Rd7 Qxe6 24. Qxb8 Rxb8 25. f8Q+ Rxf8 26. Rxf8+ Qg8 27. Rdd8 Bd5 28. Rxg8+ Bxg8 29. Ra8 Nc6 30. a3 Ne5 31. Rxa6 Ng4 32. f3 Nxh2 33. Rd6 h5 34. Rd1 Bc4 35. b3 Bf1 36. Rd2 h4 37. c4 Nxf3 38. gxf3 h3 39. Rh2 Bg2 40. Kd2 Kh7 41. Ke2 g5 42. Kf2 Kg6 43. Rxg2 hxg2 44. Kxg2 Kf5 45. b4 cxb4 46. axb4 Ke5 47. Kg3 1-0